Tratado teolójico-legal de la justicia o sea concordancia del derecho chileno con la teolojía moral en materia de justicia
Saved in:
| 主要作者: | |
|---|---|
| 格式: | 圖書 |
| 語言: | 西班牙语 |
| 出版: |
Santiago
Del Correo
1871
|
| 主題: | |
| 標簽: |
添加標簽
沒有標簽, 成為第一個標記此記錄!
|
MARC
| LEADER | 00000nam a2200000 a 4500 | ||
|---|---|---|---|
| 001 | UCR0631 | ||
| 003 | CL-VaPUC | ||
| 008 | 971205e18710900CL |||||||||||||||||spa|d | ||
| 082 | 0 | 4 | |a 340.1 |b VIL |2 21 |
| 100 | 0 | |a Villalón, Zoilo |e author |9 396571 | |
| 245 | 1 | 0 | |a Tratado teolójico-legal de la justicia o sea concordancia del derecho chileno con la teolojía moral en materia de justicia |
| 300 | |a 736 p | ||
| 942 | |c BK | ||
| 945 | |d 19971205 00:00:00 |a cmena | ||
| 260 | |a Santiago |b Del Correo |c 1871 | ||
| 650 | 0 | |a Filosofía del derecho |9 255050 | |
| 650 | 0 | |a Religión y derecho |9 313171 | |
| 650 | 0 | |a Teología |9 258766 | |
| 650 | 0 | |a Justicia |9 255408 | |
| 650 | 0 | |a Obligaciones |9 255578 | |
| 650 | 0 | |a Derecho natural |9 255041 | |
| 650 | 0 | |a Jurisprudencia |9 255952 | |
| 650 | 7 | |a DERECHO CANONICO |2 CL-VaPUC |9 396572 | |
| 650 | 0 | |a Derecho civil |9 255013 | |
| 650 | 0 | |a Bienes |9 255749 | |
| 650 | 0 | |a Propiedad |9 255268 | |
| 650 | 0 | |a Contratos |9 255153 | |
| 650 | 0 | |a Voluntad |9 307812 | |
| 650 | 0 | |a Derecho comercial |9 256340 | |
| 650 | 0 | |a Derecho privado |9 258243 | |
| 651 | 7 | |a CHILE |2 CL-VaPUC |9 396573 | |
| 583 | |a last modification |c 20140410 09:22:23 |k Rodrigo Vera | ||
| 999 | |c 264130 |d 264128 | ||
| 952 | |0 0 |1 0 |4 0 |6 340_100000000000000_VIL_1871 |7 0 |8 FOND_LRYV |9 293902 |a FDOBRV |b FDOBRV |d 2019-11-19 |i 1921088 |o 340.1 VIL 1871 |p 1921088 |r 2023-01-25 |w 2019-11-19 |y BK_X |k BRV | ||
| 952 | |0 0 |1 0 |4 0 |6 340_100000000000000_VIL_1871 |7 0 |8 X |9 293903 |a BIBDER |b BIBDER |d 2019-11-19 |i 1954075 |o 340.1 VIL 1871 |p 1954075 |r 2023-01-25 |w 2019-11-19 |y BK_X |k DER | ||
| 952 | |0 0 |1 0 |4 0 |6 340_100000000000000_VIL_1871 |7 0 |8 FOND_LRYV |9 293904 |a FDOBRV |b FDOBRV |d 2019-11-19 |i 2040670 |o 340.1 VIL 1871 |p 2040670 |r 2023-01-25 |w 2019-11-19 |y BK_X |k BRV | ||
| 952 | |0 0 |1 0 |4 0 |6 340_100000000000000_VIL_1871 |7 0 |8 FOND_LRYV |9 293905 |a FDOBRV |b FDOBRV |d 2019-11-19 |i 2040689 |o 340.1 VIL 1871 |p 2040689 |r 2023-01-25 |w 2019-11-19 |y BK_X |k BRV | ||
| 952 | |0 0 |1 0 |4 0 |6 340_100000000000000_VIL_1871 |7 0 |8 X |9 293906 |a BIBDER |b BIBDER |d 2019-11-19 |i 4122615 |o 340.1 VIL 1871 |p 4122615 |r 2023-01-25 |w 2019-11-19 |y BK_X |k DER | ||